header

The East African revival (Record no. 237918)

MARC details
000 -LEADER
fixed length control field 01552nam a2200361 a 4500
245 04 - TITLE STATEMENT
Title The East African revival
260 ## - PUBLICATION, DISTRIBUTION, ETC. (IMPRINT)
Place of publication Surrey, England :
Name of publisher Ashgate,
Year of publication 2012.
300 ## - PHYSICAL DESCRIPTION
Number of Pages xiii, 235 p. :
Other physical details ill., maps.
505 0# - FORMATTED CONTENTS NOTE
Formatted contents note pt. 1. Historical overview -- pt. 2. Testimony and personal perspectives -- pt. 3. Historical and cultural perspectives -- pt. 4. Socio-theological perspectives -- pt. 5. Sources and scholarship.
650 #0 - SUBJECT ADDED ENTRY--TOPICAL TERM
Topical Term East Africa Revival.
Topical Term Revivals
700 1# - ADDED ENTRY--PERSONAL NAME
Personal name Ward, Kevin,
Personal name Wild-Wood, Emma.
856 40 - ELECTRONIC LOCATION AND ACCESS
Uniform Resource Identifier http://site.ebrary.com/lib/rucke/Doc?id=10522399

No items available.

© 2026 Rongo University
Contact us: librarian | system librarian | Rongo university